Argentina : la democracia en masas /

Guardado en:
Autor Principal: Halperin Dongui, Tulio
Formato: Libro
Publicado: Buenos Aires : Paidós, 1972
Series:Colección Historia Argentina; volumen 7 / dirigida por Tulio Halperin Dongui
Materias:
Etiquetas: Agregar Etiqueta
Sin Etiquetas, Sea el primero en etiquetar este registro!
LEADER 00961nam a22002175a 4500
001 CEM.cems003140
005 20100531140047.0
008 130507s1972##################000#0#####d
003 CEMS
082 0 4 |a 982 
100 1 |a Halperin Dongui, Tulio 
245 1 0 |a Argentina :  |b la democracia en masas /  |c Tulio Halperin Donghi 
260 |a Buenos Aires :  |b Paidós,  |c 1972 
300 |a 173 p. 
490 0 |a Colección Historia Argentina; volumen 7 / dirigida por Tulio Halperin Dongui 
505 0 |a Argentina 1943 -- Un sistema político en disgregación -- Una sociedad que secretamente se transforma -- Una revolución que busca su rumbo -- La argentina peronista -- Despues del peronismo -- Las experiencias constitucionales 
653 |a Argentina-peronismo 
653 |a Democracia de masas 
653 |a Historia argentina 
859 |a CEMS  |b BIB. CEMS - 11 de abril  |h 982  |i H164  |p 16237.91  |t Ej.2  |v 7  |3 7 
859 |a CEMS  |b BIB. CEMS - 11 de abril  |h 982  |i H164  |p 3537.75  |t Ej.1  |v 7  |3 7